UK Towns Quiz - Causeway Coast and Glens - Northern Ireland - Statistics

General Stats
  • This quiz has been taken 23 times
  • The average score is 8 of 17
Answer Stats
Clue Town Population % Correct
C Coleraine 24,630
89%
P Portrush 6,442
89%
P Portstewart 8,029
89%
L Limavady 12,047
84%
B Ballymoney 10,393
79%
B Ballycastle 5,238
74%
B Bushmills 1,292
74%
C Cushendall 1,276
68%
C Castlerock 1,287
32%
D Dungiven 3,286
26%
D Dunloy 1,215
26%
G Garvagh 1,274
26%
K Kilrea 1,679
26%
B Ballykelly 2,103
16%
G Greysteel 1,454
11%
R Rasharkin 1,114
11%
C Clogh Mills 1,309
5%
No matching quizzes found
Score Distribution
Percent of People with Each Score
Percentile by Number Answered
Your Score History
You have not taken this quiz